000 00611nam a2200229Ia 4500
003 OSt
005 20250709151414.0
008 210423s2005 xx 000 0 und d
020 _a81229095482
040 _cAL
041 _aeng
082 _a070.4
_bATKM
100 _aJoseph B Atkins
_976494
245 _aMission: journalism ethics and the world
260 _aNew Delhi
_bSurjeeth Publications
_c2005
300 _axvii,253
_bPB
365 _b250
_cINR
650 _aJournalism
_976495
650 _aJournalism & Media
_976496
906 _aethics ; journalism ; Mission: ; world
942 _2ddc
_cBK
999 _c155528
_d155528